000
00395nam a2200133Ia 4500
008
151001s9999||||xx |||||||||||||| ||und||
100
_a
बालशौरी रेड्डी
245
_a
श्रेष्ठ बाल कहानियाँ
250
_a
1
260
_b
भारतीय भाषा परिषद
260
_c
1996
300
_a
519
365
_b
21
999
_c
973673
_d
973670